000 00299 a2200109 4500
001 ART_15615
005 20260410161735.0
008 260409a
245 1 0 _aPlan Austral
100 1 _aExpósito, David
773 0 _tEjecutivos de finanzas
_g- Año 6, Nº 43 (mar. 1988)
_wREV2863
999 _c18262
_d18262